000 00367nam a2200157Ia 4500
003 OSt
005 20240208095538.0
008 170524s9999 xx 000 0 und d
020 _a978-0073521503
040 _cIIMT UNIVERSITY
100 _aCOOPER -DONALD
100 _c2012
245 0 _aBUSSINESS RESEARCH METHODS
260 _aTATA MC GRAW HILL
942 _2ddc
_c02
999 _c2673
_d2673